Azumanga Daioh Characters - Statistics

General Stats
  • This quiz has been taken 75 times
  • The average score is 11 of 13
Answer Stats
Hint Answer % Correct
The ditzy girl Ayumu "Osaka" Kasuga
98%
Child prodigy Chiyo Mihama
98%
Yellow creature Chiyo's Dad
98%
Hyper one Tomo Takino
93%
Obsessed with cats Sakaki
92%
The athletic girl Kagura
87%
Pervert Kimura
83%
Worried about her weight Koyomi Mizuhara
83%
Likes Sakaki Kaori
82%
Obnoxious teacher Yukari Tanizaki
82%
Gym teacher Minamo Kurosawa
75%
Chiyo's dog Mr. Tadakichi
58%
Sakaki's cat Maya
57%
No matching quizzes found
Score Distribution
Percent of People with Each Score
Percentile by Number Answered
Your Score History
You have not taken this quiz